Life Skill / (Record no. 143644)

MARC details
000 -LEADER
fixed length control field 00584nam a22002057a 4500
005 - DATE AND TIME OF LATEST TRANSACTION
control field 20170822143355.0
010 ## - LCCN (DPL NO)
LC control number ENG-119943
020 ## - INTERNATIONAL STANDARD BOOK NUMBER
International Standard Book Number 9789351429128
Terms of availability 175.00
035 ## - SYSTEM CONTROL NUMBER
System control number EN-103475
037 ## - SOURCE OF ACQUISITION
Source of stock number/acquisition DBAB/PUB
082 ## - DEWEY DECIMAL CLASSIFICATION NUMBER
Classification number 158.1
100 ## - MAIN ENTRY--PERSONAL NAME
Personal name Rao, Usha
245 ## - TITLE STATEMENT
Title Life Skill /
Statement of responsibility, etc by Usha Rao
260 ## - PUBLICATION, DISTRIBUTION, ETC. (IMPRINT)
Place of publication, distribution, etc Mumbai
Name of publisher, distributor, etc Himalaya Publishing House
Date of publication, distribution, etc 201?
270 ## - ADDRESS
Address "Ramdoot", Dr. Bhalerao Marg, Girgaon,
City Mumbai
Postal code 400004
300 ## - PHYSICAL DESCRIPTION
Extent 187p.
Dimensions 24cm(pbk)
500 ## - GENERAL NOTE
General note Includes bibliographical references
505 ## - FORMATTED CONTENTS NOTE
Formatted contents note Vol.1
942 ## - ADDED ENTRY ELEMENTS (KOHA)
Source of classification or shelving scheme Dewey Decimal Classification
Item type English Books
Classification part 158.1
Call number suffix RAO
Holdings
Withdrawn status Lost status Not for loan Collection code Home library Current library Date acquired Source of acquisition Cost, normal purchase price Full call number Barcode Copy number Cost, replacement price Koha item type
      Non-fiction Shahdara Branch Shahdara Branch 22/08/2017 DBAD/PUB 175.00 158.1 RAO EN-103475 1 175.00 English Books

© Delhi Public Library
Hit Counter
free hit counter